| 000 | 00343pam a2200133 a 4500 | ||
|---|---|---|---|
| 020 |
_a81-85989-83-4 _c |
||
| 041 | _h | ||
| 082 |
_a658.8342 _bSRI/KHA |
||
| 100 | _aENGEL J.F.,BLACKWELL R.D.,MINIARD P.W. | ||
| 245 |
_aCONSUMER BEHAVIOR _hTextual Documents |
||
| 260 |
_aCHICAGO _bTHE DRYDEN PRESS _c1990 |
||
| 300 | _aXXVII+789 | ||
| 930 | _a8676 | ||
| 999 |
_c128130 _d128130 |
||